Statistics for 北京市轨道交通常识测试(简体中文)

Click here to take the quiz!

General Stats

  • This quiz has been taken 57 times
  • The average score is 8 of 15

Answer Stats

QuestionAnswer% Correct
下列哪一个不是地铁8号线中段的车站?A.永泰庄
89%
“有一条线路,其英语报站由陈如茵教授完成,其中一座车站由于报站特别搞笑,导致这座车站成为了北京地铁“名场面”。虽然现在它不是换乘车站,但将来,它将成为北京的一个超大型换乘枢纽。”,材料中“其中一座车站”是哪一座?A.丽泽商务区
85%
“古者北京有一地铁线路,尝西至香山,东至机场。其治之也屡却迟,今起重可达修之标,遂复出。”上述材料描述的是哪条线路?A.3号线
79%
下列哪条线路在三期规划中,不会经过东大桥站?B.20
66%
在三期规划中,13号线将被拆分成A,B两条线路。而这两条线路可以在哪站进行换乘?C.新龙泽
66%
目前哪条线路使用的编组不是8节车厢编组?C.10号线
66%
北京市第一座叠落换乘地铁车站是哪一个?D.南锣鼓巷
66%
下列哪条线路为35号线?A.大兴机场线
60%
目前天通苑地区共有多少个地铁站?D.4
60%
下列车站中,哪一个车站在东三环与东二环之间?B.永安里
53%
下列哪座车站为北京第一座三线换乘车站?B.东直门
36%
下列哪一座车站暂缓开通时间最长?C.16号线二里沟站
34%
北京地铁1号线于哪一年开通?B.1971
30%
以下哪座车站的屏蔽门部分为半高屏蔽门,部分为全高屏蔽门?A.通运门
19%
下列哪一条线路被称为“北京最美的地铁线路”?C.19号线
17%

Score Distribution

Percentile by Number Answered

Percent of People with Each Score

Your Score History

You have not taken this quiz